| 000 | 00483nam a22001697a 4500 | ||
|---|---|---|---|
| 999 |
_c9054 _d9054 |
||
| 008 | 210322b ||||| |||| 00| 0 eng d | ||
| 040 | _aBMS College of Architecture | ||
| 100 | _aG, S, Nayana | ||
| 245 | _aFashion hub | ||
| 300 | _aNA | ||
| 500 | _a1BM07AT025 | ||
| 502 |
_8B.Arch _NBMS College of Architecture, Visvesvaraya Technological University _aProject report _d2012 |
||
| 650 | _aNA | ||
| 700 |
_aShobha M N _eGuide |
||
| 700 |
_aK R Madhu Chand _eGuide |
||
| 942 |
_2ddc _cTHE |
||